01952 a2200193 4500003000500000005001700005040000900022082001200031100002700043245005100070260002000121300001100141505129300152650003101445942002101476999001901497952012101516952012101637NUST20230131162613.0 cNust a942,MAC aMacaulay, Lord9108309 aHistory of England (Vol-1 &2) /cLord Macaulay aLondonbLongman a775:p. aVol 1: Introduction (Page-1), Conduct Of Those Who Restored The House Of Smart Unjustly Censured (Page-75), Great Change In The State Of England Since 1685 (Page-137), Death Of Charles 2 (Page-209), Whig Refugees On The Continent (Page-255), The Power Of James At The Height (Page-328), William, Prince Of Orange, His Appearance (Page-406), Consecration Of The Nuncio At The Saint James Palace (Page-460), Change In The Opinion Of The Tories Concerning The Lawfulness Of Resistance (Page-521), The Flight Of James Known: Great Agitation: The Lords Meet At Childhall (Page-599), William And Marry Proclaimed In London (Page-656), State Of Ireland At The Time Of The Revolution (Page-718), Vol 2: The Revolution More Violent In Scotland Than In England (Page-1), Dispute In The English Parliament (Page-66), The Parliament Meets (Page-124), Williams Lands At Carrickfergus And Proceeds To Belfast (Page-183), Williams Voyage To Holland (Page-240), Opening Of The Parliament (Page-298), Foreign Policy Of William (Page-364), State Of The Court At Saint Germains (Page-424), Effects Of The Marys Death On The Continent (Page-501), Military Operation In The Netherland (Page-577), Standing Armies (Page-634), Altered Position Of The Ministry (Page-689),Trial Of Spencer Cowper (Page-740).  aHistory of England9108275 2ddccBKk942,MAC c187221d187221 00102ddc4070aMCSbMCScGENd2016-12-12o942,MACpMCS29443r2016-12-08w2016-12-12yBKzAlmirah No.60, Shelf No.5 00102ddc4070aMCSbMCScGENd2016-12-12o942,MACpMCS29445r2016-12-08w2016-12-12yBKzAlmirah No.60, Shelf No.5